000
00272nam a22001097a 4500
082
_a
M3(FTr.)
_b
KHA/K
100
_a
Khaleel Gibran
245
_a
Kanneerum punchiriyum
260
_a
Kanjirappilly:
_b
Megha,
_c
1995.
650
_a
Literature Malayalam Translation
942
_c
BK
999
_c
175640
_d
175640